00346 2200145 4500001002100000005001500021035002000036245004200056100001500098300001200113260002900125082000800154084001400162990002400176INLIS00000000000215220250527114142 a0010-05250004441 aPermainan Air Water Fun /cTerri Lees0 aTerri Lees a177 hlm bERA Pustaka Utama,c2008 a700 a700 TER p a0713141 s/d 0713142